01009nam a22002417a 4500003000900000008004100009040007100050082001900121100003600140245005100176260004200227300003100269440001700300505017800317650003400495650001200529650003500541650003300576650003700609700003900646700003700685700004500722AR-CdUCM190306b ||||| |||| 00| 0 spa d aMUNICIPALIDAD PROVINCIAL DEL CUSCOcBIBLIOTECA MUNICIPAL DEL CUSCO a848.43 /2M81 aMoliere, Jean Baptiste Poquelin aEl enfermo Imaginario. El médico a palos /  aEspaña : bSalvat Editores, c1969. a187 páginas ; c17.5 cm. aLibro RTVn8 aContenido: El enfermo imaginario: comedia con intermedios musicales y danzas (17 - 134 páginas) El médico a palos: comedia en tres actos, en prosa (135 - 187 páginas). aTeatro francés - Siglo XVII aMoliere aEl enfermo imaginario - Teatro aEl médico a palos - Teatro aLiteratura Francesa - Clásicos aLoéz Sancho, Lorenzo (Prólogo) aRaurell Millás, J. (Traductor) aFernández de Moratín, L. (Traductor)